| 000 | 00479cam a22001691 4500 | ||
|---|---|---|---|
| 082 |
_a297.09 _bNAD _cL-31,P-9 |
||
| 100 | 1 |
_aNadvī, Jalīl Aḥsan. _937274 |
|
| 245 | 1 | 0 | _aRāh-i ʻamal. |
| 260 |
_c1983 _aLahore. _bIslamic publications |
||
| 300 |
_a453 p. _c19 cm. |
||
| 500 | _aRomanized. | ||
| 526 |
_a0 _b0 _c0 _d297_090000000000000_NAD |
||
| 650 | 0 |
_aHadith _xCriticism, interpretation, etc. _937275 |
|
| 650 | 0 |
_aMCE _9379 |
|
| 700 | 0 |
_aMuḥammad, _925668 |
|
| 942 |
_2ddc _cBK |
||
| 999 |
_c542183 _d542183 |
||